000 00665nam a2200241 i 4500
001 000031386
003 DO-SdBNP
005 20240130100816.0
007 ta
008 110620n1934 dr o 000 | spa d
040 _aDO-SdBNP
_bspa
_cBNPHU
_erda
082 _bN182t
_222
100 _aNanita, Abelardo R
_945855
245 1 0 _aTríptico /
_cAbelardo R. Nanita.
264 _aSanto Domingo :
_bGimbernard,
_c1934.
300 _a27 páginas
_bretratos
_c21 cm.
336 _2rdacontent
_atexto
_btxt
337 _2rdamedia
_asin mediación
_bn
338 _2rdacarrier
_avolumen
_bnc
590 _aInventariado, 2024/ Yl
910 _aYLockward
942 _2ddc
_cLF2
999 _c30878
_d30878